• 首页
  • 本馆介绍
  • 公告通知
  • 最新文献
  • 馆藏检索
  • 电子资源
  • 读者导购
  • 参考咨询
  • 我的图书馆
  • 登录
  • 详细信息显示
  • 放入我的书架
  • 预约/预借图书
  • 作者相关作品
  • 分类相关作品
  • 丛书相关作品
  • 出版社相关作品

书目信息

  • 表格格式
  • 工作单格式
  • 卡片格式
题名:
经济全球化
    
 
作者: 李越 著
分册:  
出版信息: 北京   中国社会出版社  1999.08
页数: 291页
开本: 32开
丛书名: 经济全球化丛书
单 册:
中图分类: F114.41
科图分类:
主题词: 经济--世界 , 国际经济关系
电子资源:
ISBN: 7-80146-241-6
000 00684nam0 2200241 45
001 0011030961
005 20031219104047.2
010    @a7-80146-241-6@dCNY18.20
100    @a20001103d1999 km y0chiy0120 ea
101 0  @achi
105    @a z 000yy
200 1  @a经济全球化@e企业如何应付@EQi Ye Ru He Ying Fu@f李越著@FLi Yue Zhu
210    @a北京@c中国社会出版社@d1999.08
215    @a291页@d32开
225    @a经济全球化丛书
410    @12001 @a经济全球化丛书
517    @a企业如何应付@AQi Ye Ru He Ying Fu
606 0  @a经济@y世界
606 0  @a国际经济关系
690    @aF114.41@v3
701  0 @a李越@4著
801    @aCN@bTSTC@c20001103
905    @dF114.41@e66:5@b292742-744@f3
    
    经济全球化:企业如何应付/李越著.-北京:中国社会出版社,1999.08
    291页;32开.-(经济全球化丛书)
    
    
    ISBN 7-80146-241-6:CNY18.20
    
●
相关链接 在E读中查询图书 在五车中查询图书 在当当中查询图书 在豆瓣中查询图书


正题名:经济全球化     索取号:F114.41/66:5         预约/预借

序号 登录号 条形码 馆藏地/架位号 状态 备注
1 0292742   002927426   第一借阅区/ [索取号:F114.41/66:5] 在馆    
2 0292743   002927435   密集书库/ [索取号:F114.41/66:5] 在馆    
3 0292744   002927444   第一样本阅览室/ [索取号:F114.41/66:5] 在馆    
4 0300597   203005979   密集书库/ [索取号:F114.41/66:5] 在馆    
5 0300598   203005988   第一借阅区/ [索取号:F114.41/66:5] 在馆    
6 0300599   203005997   密集书库/ [索取号:F114.41/66:5] 在馆    
7 0300600   203006004   密集书库/ [索取号:F114.41/66:5] 在馆    
8 0300601   203006013   密集书库/ [索取号:F114.41/66:5] 在馆    
唐山师范学院图书馆 欢迎您!
大连网信软件有限公司© 版权所有